000 00803nam a2200241Ia 4500
003 GCL
008 140319s9999 xx 000 0 ara d
040 _aGCL /
_cGCL
082 0 4 _a792.0226
_bك م
100 1 _aكاسانيللى، فابرتيسيو
245 1 0 _aالمسرح مع الاطفال , الاطفال يعدون مسرحهم /
_cكاسانيللى، فابرتيسيو
700 1 _aاحمد سعد المغربى
260 _a[S.N] :
_bدار الفكر العربى ،
_c1991
300 _a104 ص
490 _a
650 0 4 _aالاطفال
650 0 4 _aرياض الاطفال
650 0 4 _aالاطفال كممثلين
650 0 4 _aمسرح الطفل
650 0 4 _aالاطفال كمؤلفيين
650 0 4 _aالاطفال الموهوبون
942 _2ddc
_cBK
999 _c33150
_d33150